Thesaurus linguae latinae (Record no. 166236)
[ view plain ]
| 000 -LEADER | |
|---|---|
| campo de control de longitud fija | 01109nam a2200169 i 4500 |
| 001 - NÚMERO DE CONTROL | |
| campo de control | 166236 |
| 003 - IDENTIFICADOR DE NÚMERO DE CONTROL | |
| campo de control | ES-MaACL |
| 005 - FECHA Y HORA DE LA ÚLTIMA TRANSACCIÓN | |
| campo de control | 20230906213306.0 |
| 008 - DATOS DE LONGITUD FIJA--INFORMACIÓN GENERAL | |
| campo de control de longitud fija | 050914m19001927gw d |||| | lat d |
| 245 00 - MENCIÓN DEL TÍTULO | |
| Título | Thesaurus linguae latinae |
| Resto del título | : editus auctoritate et consilio Academiarum quinque Germanicarum Berolinenses, Gottingensis, Lipsiensis, Monacensis, Vindobonensis. |
| 260 ## - PUBLICACIÓN, DISTRIBUCIÓN, ETC. | |
| Lugar de publicación, distribución, etc. | Lipsiae : |
| Nombre del editor, distribuidor, etc. | in aedibus B.G. Teubneri, |
| Fecha de publicación, distribución, etc. | 1900-1927. |
| 300 ## - DESCRIPCIÓN FÍSICA | |
| Extensión | v. ; |
| Dimensiones | 33 cm. |
| 505 8# - NOTA DE CONTENIDO CON FORMATO | |
| Nota de contenido con formato | Contiene: I. A- AN, 1900 - II. AN-Byzeres, 1906 - III. C-Comus, 1912 - IV. Con-Cyulus, 1909 - V. Fasc. I-VII: D- DO, 1910-1923 - VI. Fasc. I-VIII: F-Gemo, 1913-1927 - Supplementum nomina propria latina. Fasc. I-IV: C-Cyzistra, 1909-1913 - Index librorum scriptorum inscriptionum ex quibus exempla adferuntur, 1904 - Onomasticon: V.III, Fasc. I, D-Didius, 1918 |
| 650 #4 - PUNTO DE ACCESO ADICIONAL DE MATERIA--TÉRMINO DE MATERIA | |
| Término de materia o nombre geográfico como elemento de entrada | Lengua latina- |
| Subdivisión de forma | Diccionarios. |
| 9 (RLIN) | 14292 |
| 752 ## - ENTRADA AGREGADA--NOMBRE JERÁRQUICO DEL LUGAR | |
| País o entidad superior | Alemania - |
| Ciudad | Leipzig |
| 852 ## - LOCALIZACIÓN | |
| Ubicación | ES-MaACL |
| Número de control de estantería | B-11793-801 |
| Nota libre | - Enc. hol. en T. I-IV y rúst. en T. V-VI y en los 4 fasc. del "Supplementum", el "Index" y el "Onomasticon" |
| condición física | - Contiene únicamente los T. I-VI |
| Estatus retirado | Estado de pérdida | Estado de daño | No para préstamo | Colección | Biblioteca de origen | Biblioteca actual | Ubicación en estantería | Fecha de adquisición | Total de préstamos | Signatura topográfica completa | Código de barras | Visto por última vez | Precio de reemplazo | Tipo de ítem Koha |
|---|---|---|---|---|---|---|---|---|---|---|---|---|---|---|
| Libros del s. XIX | Biblioteca del Ateneo de Madrid | Biblioteca del Ateneo de Madrid | Sala Pardo Bazán | 17/01/2008 | B-11793-801 | 1174336 | 23/02/2023 | 23/02/2023 | Libro impreso antiguo |
